[Event "Challenge"]
[Site "http://www.queenalice.com/game.php?id=574960"]
[Date "2009.4.20"]
[Round "-"]
[White "Lald"]
[Black "TonyDaMadeira"]
[Result "0-1"]
[WhiteElo "1307"]
[BlackElo "1309"]

1. b3 Nf6 2. c3 d6 3. d4 g6 4. Nd2 Bf5 5. e4 Bd7 6. Bd3 Bh6 7. Ndf3 Bxc1 8. Qxc1
Nc6 9. Ne2 e6 10. O-O O-O 11. b4 Re8 12. e5 Nd5 13. a3 Qe7 14. c4 Nb6 15. Qc2
Rad8 16. Rab1 a6 17. a4 Qf8 18. a5 Nc8 19. exd6 Qxd6 20. Be4 N8a7 21. c5 Qe7 22.
Bxc6 Nxc6 23. Rfd1 Qf6 0-1

[Event ";))"]
[Site "http://www.queenalice.com/game.php?id=575371"]
[Date "2009.4.21"]
[Round "-"]
[White "Mr_SPOCK"]
[Black "Lald"]
[Result "1-0"]
[WhiteElo "1523"]
[BlackElo "1291"]

1. e4 c5 2. d4 e6 3. d5 e5 4. Qh5 d6 5. Bg5 Nf6 6. Bxf6 Qxf6 7. Bb5+ Bd7 8.
Bxd7+ Nxd7 9. Nc3 Qf4 10. Nh3 Qf6 11. Nb5 g6 12. Qe2 Bh6 13. Nc7+ Kd8 14. Nxa8
Nb8 15. Qb5 Qh4 16. O-O b6 17. a4 Qxe4 18. a5 Qxd5 19. Rad1 Qc6 20. Qd3 Bf8 21.
axb6 Qxa8 22. Ng5 Ke8 23. Qb5+ Qc6 24. Qa5 Nd7 25. bxa7 Qb6 26. a8=Q+ Qb8 27.
Qc6 Qd8 28. b4 1-0

[Event "Summertime :-)"]
[Site "http://www.queenalice.com/game.php?id=594754"]
[Date "2009.5.28"]
[Round "-"]
[White "Lald"]
[Black "baggerman"]
[Result "0-1"]
[WhiteElo "1274"]
[BlackElo "1470"]

1. e4 d5 2. Nc3 Nf6 3. e5 d4 4. exf6 dxc3 5. fxe7 Qxe7+ 6. Qe2 cxd2+ 7. Bxd2 Be6
8. b3 a6 9. O-O-O g6 10. Bc3 Rg8 11. Nf3 Bg7 12. Bxg7 Rxg7 13. Qe3 Nd7 14. Bd3
O-O-O 15. Rhe1 Rgg8 16. Nd4 Rge8 17. Nxe6 fxe6 18. a4 Nb6 19. a5 Nd5 20. Qh3 Nc3
21. Kb2 Nxd1+ 22. Rxd1 Rd5 23. Ra1 Qf6+ 24. Kb1 Qxf2 25. g3 Rd7 26. Bc4 Rd1+ 27.
Ka2 Qxc2+ 28. Ka3 Rxa1+ 29. Kb4 Qd2+ 0-1

[Event "England or bust!"]
[Site "http://www.queenalice.com/game.php?id=653656"]
[Date "2009.9.17"]
[Round "-"]
[White "baggerman"]
[Black "Lald"]
[Result "0-1"]
[WhiteElo "1502"]
[BlackElo "1264"]

1. e4 e5 2. Nf3 Nc6 3. c3 a6 4. d4 Bd6 5. d5 Nce7 6. c4 c6 7. b4 a5 8. b5 cxb5
9. cxb5 b6 10. a4 Nf6 11. Nc3 O-O 12. Ba3 Qc7 13. Qc1 Bxa3 14. Rxa3 d6 15. Na2
Qxc1+ 16. Nxc1 Bb7 17. Bd3 Rac8 18. O-O Rc7 19. Ra1 Rfc8 20. Na2 Bxd5 21. exd5
Nexd5 22. Bf5 Re8 23. Rfc1 Rc5 24. Rxc5 dxc5 25. Re1 e4 26. Bxe4 Rxe4 27. Rd1 h6
28. h3 c4 29. Nd2 Rd4 30. Nc1 c3 31. Ncb3 Rxa4 32. Ne4 Rxe4 33. f3 Rc4 34. g4 c2
35. Re1 a4 36. Nc1 a3 37. Na2 Nc3 38. Nc1 a2 39. Nd3 Nd1 40. Nb2 Nxb2 41. Rc1
Nd3 42. Rf1 c1=Q 43. Kg2 Qxf1+ 44. Kxf1 Rc2 45. h4 a1=Q# 0-1

[Event "Winter Chill"]
[Site "http://www.queenalice.com/game.php?id=709121"]
[Date "2010.1.6"]
[Round "-"]
[White "Lald"]
[Black "baggerman"]
[Result "0-1"]
[WhiteElo "1290"]
[BlackElo "1467"]

1. e4 e5 2. c3 d5 3. exd5 Qxd5 4. Ne2 f5 5. d4 e4 6. b3 Nf6 7. c4 Qd8 8. c5 b5
9. b4 Nc6 10. a3 a5 11. Nbc3 axb4 12. Nxb5 Ra5 13. Nf4 Ba6 14. a4 g6 15. Be3 Ng4
16. h3 Nxe3 17. fxe3 Qh4+ 18. Kd2 Qf2+ 19. Qe2 Qh4 20. Ne6 Bxb5 21. axb5 Rxa1
22. Qd1 Qf2+ 23. Be2 Rxd1+ 24. Rxd1 Na5 25. Nxc7+ Kd7 26. Na6 Nc4+ 27. Kc1 Qxe3+
28. Kb1 Qb3+ 29. Kc1 Qb2# 0-1

[Event "Winter Chill Round 2"]
[Site "http://www.queenalice.com/game.php?id=716979"]
[Date "2010.1.20"]
[Round "-"]
[White "baggerman"]
[Black "Lald"]
[Result "1-0"]
[WhiteElo "1467"]
[BlackElo "1281"]

1. d4 d5 2. Nc3 Nf6 3. f3 Bf5 4. g4 Bg6 5. g5 Nh5 6. h4 Nc6 7. e3 a6 8. f4 f6 9.
f5 Ng3 10. Rh3 Nxf5 11. h5 Bf7 12. Qg4 Be6 13. gxf6 exf6 14. e4 dxe4 15. d5 Nfd4
16. dxe6 Nxc2+ 17. Kf2 Nxa1 18. Qxe4 Nb4 19. a3 f5 20. Qxb7 Bc5+ 21. Be3 Bxe3+
22. Rxe3 Nbc2 23. Rd3 Qc8 24. Qc6+ Ke7 25. Rd7+ Ke8 26. Rxc7+ Kf8 27. Qd6+ Kg8
28. Rxc8+ Rxc8 29. Qd7 h6 30. Qxc8+ Kh7 31. Qxh8+ Kxh8 32. e7 Kh7 33. e8=Q f4
34. Bd3+ g6 35. hxg6+ Kg7 36. Qf7+ Kh8 37. g7# 1-0

[Event "Winter Chill Round 3"]
[Site "http://www.queenalice.com/game.php?id=734956"]
[Date "2010.2.20"]
[Round "-"]
[White "baggerman"]
[Black "Lald"]
[Result "1-0"]
[WhiteElo "1476"]
[BlackElo "1272"]

1. e4 e5 2. Nf3 Nc6 3. Bc4 Bc5 4. O-O Nf6 5. d3 d6 6. c3 O-O 7. d4 exd4 8. cxd4
Nxd4 9. Nxd4 Nxe4 10. f3 Bxd4+ 11. Qxd4 Nc5 12. Re1 Re8 13. Be3 Be6 14. Bb5 c6
15. b4 cxb5 16. bxc5 d5 17. Nc3 a6 18. h3 Rc8 19. Ne2 Qa5 20. Nf4 Rc6 21. Nh5 f6
22. Nxf6+ gxf6 23. Qxf6 Bxh3 24. Qg5+ Rg6 25. Qxd5+ Be6 26. Qxb7 Bxa2 27. Bd2
Qd8 28. Rxe8+ Qxe8 29. Rxa2 Rc6 30. Bc3 Qe3+ 31. Kf1 Qxc3 32. Re2 Rf6 33. Qc8+
Rf8 34. Qg4+ Qg7 35. Qe6+ Rf7 36. Qxa6 Ra7 37. Qc8+ Qf8 38. Re8 Rf7 39. Rxf8+
Rxf8 40. Qb7 h5 41. c6 h4 42. Kg1 h3 43. Kh2 b4 44. c7 b3 45. c8=Q Rxc8 46.
Qxc8+ Kh7 47. Qb7+ Kh6 48. Qxb3 Kh5 49. Kxh3 Kh6 50. Qg8 Kh5 51. g4+ Kh6 52.
Qe6+ Kg5 53. Qf5+ Kh6 54. Kh4 Kg7 55. Kh5 Kg8 56. Kg6 Kh8 57. Qf8# 1-0

[Event "Spring Challenge"]
[Site "http://www.queenalice.com/game.php?id=752202"]
[Date "2010.3.27"]
[Round "-"]
[White "Lald"]
[Black "baggerman"]
[Result "1-0"]
[WhiteElo "1264"]
[BlackElo "1475"]

1. e4 e5 2. Nf3 d6 3. d4 Nc6 4. d5 Nce7 5. Bg5 f6 6. Be3 f5 7. Bd3 Nf6 8. Nc3 f4
9. Bd2 c6 10. dxc6 bxc6 11. g3 Qb6 12. b3 Bh3 13. Qe2 Ng4 14. Na4 Qd8 15. O-O-O
Nf6 16. Bc3 fxg3 17. hxg3 Bg4 18. Qe3 h6 19. Be2 Bd7 20. Qd2 Nxe4 21. Qe3 Nxc3
22. Qxc3 Ng6 23. Qd3 d5 24. Qxg6+ Ke7 25. Nxe5 Qc7 26. Nxd7 Kxd7 27. Qf7+ Kd8
28. Qxc7+ Kxc7 29. c4 Ba3+ 30. Kb1 Rhe8 31. Bh5 Re5 32. cxd5 cxd5 33. Bf3 Rf5
34. Bxd5 Rxf2 35. Bxa8 Rb2+ 36. Nxb2 1-0

[Event "Spring Challenge Round 2"]
[Site "http://www.queenalice.com/game.php?id=763515"]
[Date "2010.4.19"]
[Round "-"]
[White "Lald"]
[Black "baggerman"]
[Result "1-0"]
[WhiteElo "1288"]
[BlackElo "1444"]

1. e4 d5 2. exd5 Qxd5 3. Nc3 Qe5+ 4. Nge2 Nc6 5. g3 Bf5 6. Bg2 Nb4 7. d3 O-O-O
8. O-O e6 9. Bf4 Qf6 10. Qd2 h6 11. d4 Nxc2 12. Rac1 Bc5 13. Rxc2 Bxc2 14. Qxc2
Bxd4 15. Nxd4 Qxd4 16. Be3 Qd6 17. Bxa7 Ne7 18. Nb5 Qe5 19. Bb6 Rd7 20. Nxc7
Rxc7 21. Bxc7 Qxc7 22. Qxc7+ Kxc7 23. Rc1+ Nc6 24. b4 Kb6 25. a3 Rd8 26. Bf1 f6
27. Be2 Ra8 28. Rc3 Nd4 29. Bd1 e5 30. a4 Rd8 31. Rc5 Nb3 32. Bxb3 Rd3 33. Rb5+
Kc7 34. Bd5 b6 35. a5 bxa5 36. bxa5 Ra3 37. f4 exf4 38. gxf4 Ra4 39. f5 Rf4 40.
Bb7 Kb8 41. a6 Ka7 42. Bc8 Rd4 43. Rc5 Kb8 44. Bb7 Ra4 45. Rc8+ Ka7 46. Rc7 Ra1+
47. Kg2 g5 48. fxg6 Rd1 49. Bf3+ Kxa6 50. Bxd1 Kb6 51. Rc2 Kb7 52. g7 1-0

[Event "AUTO-INT-2509"]
[Site "http://www.queenalice.com/game.php?id=1131130"]
[Date "2012.12.14"]
[Round "1"]
[White "clark7a2"]
[Black "Lald"]
[Result "1-0"]
[WhiteElo "1448"]
[BlackElo "1425"]

1. e4 e5 2. Nf3 d6 3. h3 c6 4. d3 h6 5. Be2 b5 6. O-O c5 7. c3 a5 8. Nh2 a4 9.
a3 f5 10. exf5 Bxf5 11. Bg4 Bxg4 12. Qxg4 g5 13. Qe2 Nf6 14. g4 Nc6 15. Nd2 d5
16. Ndf3 Bd6 17. Ne1 d4 18. cxd4 cxd4 19. Nc2 O-O 20. Re1 Re8 21. Nb4 Nxb4 22.
axb4 a3 23. bxa3 Bxb4 24. Rd1 Bc3 25. Rb1 Qb8 26. Qa2+ Kh8 27. Bb2 Bxb2 28. Rxb2
Qb7 29. Rc1 Rec8 30. Rxc8+ Qxc8 31. Rb1 b4 32. Rxb4 Qc1+ 33. Kg2 Rxa3 34. Rb8+
Kg7 35. Rb7+ Kh8 36. Qf7 1-0

[Event "AUTO-INT-2509"]
[Site "http://www.queenalice.com/game.php?id=1131131"]
[Date "2012.12.14"]
[Round "1"]
[White "Lald"]
[Black "clark7a2"]
[Result "0-1"]
[WhiteElo "1410"]
[BlackElo "1474"]

1. e4 e5 2. c3 d6 3. d3 h6 4. d4 Be7 5. d5 Nf6 6. Nd2 O-O 7. c4 Nh7 8. b4 Bg5 9.
g3 Bxd2+ 10. Bxd2 Nd7 11. Qc2 b6 12. a3 a6 13. Be3 Ndf6 14. f4 exf4 15. gxf4 Ne8
16. e5 dxe5 17. fxe5 Bb7 18. Bg2 Rb8 19. O-O-O g6 20. Bxh6 Ng7 21. e6 fxe6 22.
Qxg6 Qf6 23. Qxg7+ Qxg7 24. Bxg7 Kxg7 25. Rd2 exd5 26. Bxd5 Bxd5 27. Rxd5 Rf1+
28. Rd1 Rxd1+ 29. Kxd1 Rd8+ 30. Kc2 Rf8 31. Ne2 Rf2 32. Kd3 Nf6 33. h4 Nh5 34.
Rg1+ Kf6 35. Ng3 Nxg3 36. Rxg3 Ra2 37. Ke4 c6 38. Rh3 Kg6 39. h5+ Kh6 40. Ke5 a5
41. Kd6 axb4 42. Kxc6 Rxa3 43. Rh1 b3 44. Kxb6 b2 45. Rb1 Kxh5 46. Rxb2 Rc3 47.
Rb5+ Kg6 48. Kc5 Kf6 49. Kd4 Rc1 50. Re5 Rd1+ 0-1

[Event "AUTO-INT-2509"]
[Site "http://www.queenalice.com/game.php?id=1131138"]
[Date "2012.12.14"]
[Round "1"]
[White "askasl159"]
[Black "Lald"]
[Result "1-0"]
[WhiteElo "1694"]
[BlackElo "1308"]

1. e4 e5 2. f4 Nc6 3. fxe5 Nxe5 4. d4 Nc6 5. Nf3 d6 6. Bc4 a6 7. h3 b5 8. Bb3
Bd7 9. O-O Nh6 10. Ng5 Be6 11. Bxe6 fxe6 12. Nxe6 Qe7 13. d5 Ne5 14. Bg5 Qd7 15.
Qd4 Be7 16. Nxg7+ Kd8 17. Ne6+ Kc8 18. Bxh6 c5 19. Qd1 b4 20. Qh5 a5 21. Bg5 a4
22. Nd2 Rb8 23. Qh4 a3 24. b3 Kb7 25. Bxe7 Ng6 26. Qh6 Nxe7 27. Nc4 Ra8 28. Ng5
Ng6 29. Ne6 Qe7 30. Rf2 Raf8 31. Nxf8 Rxf8 32. Rxf8 Nxf8 33. Nxd6+ 1-0

[Event "AUTO-INT-2509"]
[Site "http://www.queenalice.com/game.php?id=1131139"]
[Date "2012.12.14"]
[Round "1"]
[White "Lald"]
[Black "askasl159"]
[Result "0-1"]
[WhiteElo "1310"]
[BlackElo "1663"]

1. e4 e5 2. Nc3 Nc6 3. d3 Nf6 4. a3 h6 5. b4 d6 6. Bb2 Be7 7. b5 Nd4 8. a4 a6 9.
Nd5 axb5 10. Bxd4 exd4 11. axb5 Rxa1 12. Qxa1 O-O 13. Qxd4 Nxd5 14. exd5 Bf6 15.
Qb4 b6 16. c4 Qe7+ 17. Be2 Bf5 18. Qd2 Bg5 19. Qd1 Qe5 20. Nf3 Qc3+ 21. Nd2 Ra8
22. O-O Bxd2 23. h3 Bg5 24. g4 Bg6 25. f4 Qd4+ 26. Rf2 Ra1 27. Qxa1 Qxa1+ 28.
Rf1 Qd4+ 0-1

[Event "AUTO-OPEN-2865"]
[Site "http://www.queenalice.com/game.php?id=1131497"]
[Date "2012.12.15"]
[Round "1"]
[White "paulouk"]
[Black "Lald"]
[Result "0-1"]
[WhiteElo "1452"]
[BlackElo "1363"]

1. g3 e5 2. Bg2 d5 3. d3 d4 4. Nf3 Nd7 5. Ng5 c6 6. O-O c5 7. f4 f6 8. Ne6 Qb6
9. f5 g6 10. e3 gxf5 11. Qh5+ Ke7 12. Nxf8 Nxf8 13. exd4 cxd4 14. c3 dxc3+ 15.
Kh1 cxb2 0-1

[Event "AUTO-OPEN-2865"]
[Site "http://www.queenalice.com/game.php?id=1131498"]
[Date "2012.12.15"]
[Round "1"]
[White "Lald"]
[Black "paulouk"]
[Result "1-0"]
[WhiteElo "1339"]
[BlackElo "1535"]

1. e4 g6 2. d4 Bg7 3. e5 f6 4. exf6 Nxf6 5. c4 O-O 6. d5 Ne4 7. f3 Nc5 8. a3 c6
9. Ra2 d6 10. b4 Na4 11. Qxa4 cxd5 12. cxd5 Bf5 13. Nd2 Nd7 14. g4 Bxg4 15. fxg4
1-0

[Event "AUTO-OPEN-2865"]
[Site "http://www.queenalice.com/game.php?id=1131507"]
[Date "2012.12.15"]
[Round "1"]
[White "ORIONN"]
[Black "Lald"]
[Result "1-0"]
[WhiteElo "1886"]
[BlackElo "1343"]

1. e4 e5 2. Nf3 c6 3. d4 exd4 4. Qxd4 b5 5. Be2 a5 6. O-O Na6 7. Bf4 c5 8. Qd1
Ne7 9. Nc3 b4 10. Nb5 Bb7 11. Nd6# 1-0

[Event "AUTO-OPEN-2865"]
[Site "http://www.queenalice.com/game.php?id=1131508"]
[Date "2012.12.15"]
[Round "1"]
[White "Lald"]
[Black "ORIONN"]
[Result "0-1"]
[WhiteElo "1341"]
[BlackElo "1918"]

1. e4 d5 2. e5 c5 3. c3 Bf5 4. d3 d4 5. cxd4 cxd4 6. Nf3 Nc6 7. h3 g6 8. g4 Be6
9. Bg2 Bg7 10. Bf4 Bd5 11. O-O e6 12. Qa4 Ne7 13. Nxd4 Bxg2 14. Kxg2 Qxd4 15.
Qxd4 Nxd4 0-1